000 00489nam a2200181Ia 4500
001 11742
005 20260306162850.0
008 260306t2021||||xx |||||||||||||| ||spa||
041 _aESP
082 _aHR 100
_bV. 30 F. 1 2021 AP
100 _aPontificia UniversitĂ  Della Santa Croce
_eAUT
245 0 _aActa Philosophica:
_brivista internazionale di filosofia
260 _c2021
300 _a205 páginas :
_c24 cm.
650 _aGEN
654 _aCHU
942 _cREV
_dJUS
_fJUS
_2ddc
_n
999 _c11742
_d11742